<?xml version="1.0" encoding="UTF-8"?><?xml-stylesheet type="text/xsl" href="static/style.xsl"?><OAI-PMH xmlns="http://www.openarchives.org/OAI/2.0/" xmlns:xsi="http://www.w3.org/2001/XMLSchema-instance" xsi:schemaLocation="http://www.openarchives.org/OAI/2.0/ http://www.openarchives.org/OAI/2.0/OAI-PMH.xsd"><responseDate>2026-04-17T21:23:53Z</responseDate><request verb="GetRecord" identifier="oai:www.recercat.cat:2117/339759" metadataPrefix="marc">https://recercat.cat/oai/request</request><GetRecord><record><header><identifier>oai:recercat.cat:2117/339759</identifier><datestamp>2025-07-23T00:42:08Z</datestamp><setSpec>com_2072_1033</setSpec><setSpec>col_2072_452951</setSpec></header><metadata><record xmlns="http://www.loc.gov/MARC21/slim" xmlns:dcterms="http://purl.org/dc/terms/" xmlns:xsi="http://www.w3.org/2001/XMLSchema-instance" xmlns:doc="http://www.lyncode.com/xoai" xsi:schemaLocation="http://www.loc.gov/MARC21/slim http://www.loc.gov/standards/marcxml/schema/MARC21slim.xsd">
   <leader>00925njm 22002777a 4500</leader>
   <datafield ind2=" " ind1=" " tag="042">
      <subfield code="a">dc</subfield>
   </datafield>
   <datafield ind2=" " ind1=" " tag="720">
      <subfield code="a">Iburo Otero, Andreu</subfield>
      <subfield code="e">author</subfield>
   </datafield>
   <datafield ind2=" " ind1=" " tag="260">
      <subfield code="c">2020-06-17</subfield>
   </datafield>
   <datafield ind2=" " ind1=" " tag="520">
      <subfield code="a">L'alumnat present actualment a les nostres aules és molt diferent al que hi havia fa uns anys. El boom tecnològic els ha configurat d'una forma totalment diferent. Cal que les metodologies que s'utilitzen a l'aula acullin aquesta nova realitat d'alumnat amb les seves inquietuds i aptituds. Les metodologies d'aprenentatge actiu són una bona resposta a les necessitats d'aquest nou l'alumnat. En aquest TFM analitzaré algunes d'aquestes metodologies amb l'objectiu d'escollir-ne una per al disseny d'una unitat formativa i implementar-la a l'aula.</subfield>
   </datafield>
   <datafield ind2=" " ind1=" " tag="520">
      <subfield code="a">El alumnado presente en nuestras aulas es muy diferente del que había hace unos años. El boom&#xd;
tecnológico los ha configurado de una forma totalmente diferente. Es necesario que las&#xd;
metodologías que se utilizan en el aula acojan este nuevo alumnado con sus inquietudes y&#xd;
aptitudes. Las metodologías de aprendizaje activo son una buena respuesta a las necesidades&#xd;
de este nuevo alumnado. En este TFM analizaré algunas de estas metodologías con el objetivo&#xd;
de escoger una para el diseño de una unidad formativa e implementar-la en el aula.</subfield>
   </datafield>
   <datafield ind2=" " ind1=" " tag="520">
      <subfield code="a">Today students are very different in comparison with the ones of older generations. Technologic&#xd;
boom has configured nowadays students in a totally different shape. It is a must that&#xd;
methodologies used in the classroom embrace these new students with their inquisitiveness&#xd;
and their aptitudes. Active methodologies are a good opportunity to meet with the needs of&#xd;
these students. In this MD I am going to analyse some of these methodologies with the purpose&#xd;
of choosing one to design one formative unit and develop it into the classroom.</subfield>
   </datafield>
   <datafield tag="653" ind2=" " ind1=" ">
      <subfield code="a">Àrees temàtiques de la UPC::Ensenyament i aprenentatge::Ensenyament secundari</subfield>
   </datafield>
   <datafield tag="653" ind2=" " ind1=" ">
      <subfield code="a">Active learning -- Study and teaching (Secondary)</subfield>
   </datafield>
   <datafield tag="653" ind2=" " ind1=" ">
      <subfield code="a">Problem-based learning -- Study and teaching (Secondary)</subfield>
   </datafield>
   <datafield tag="653" ind2=" " ind1=" ">
      <subfield code="a">metodologies actives</subfield>
   </datafield>
   <datafield tag="653" ind2=" " ind1=" ">
      <subfield code="a">ABP</subfield>
   </datafield>
   <datafield tag="653" ind2=" " ind1=" ">
      <subfield code="a">aprenentatge actiu</subfield>
   </datafield>
   <datafield tag="653" ind2=" " ind1=" ">
      <subfield code="a">competències</subfield>
   </datafield>
   <datafield tag="653" ind2=" " ind1=" ">
      <subfield code="a">contextualització laboral</subfield>
   </datafield>
   <datafield tag="653" ind2=" " ind1=" ">
      <subfield code="a">active methodologies</subfield>
   </datafield>
   <datafield tag="653" ind2=" " ind1=" ">
      <subfield code="a">PBL</subfield>
   </datafield>
   <datafield tag="653" ind2=" " ind1=" ">
      <subfield code="a">active learning</subfield>
   </datafield>
   <datafield tag="653" ind2=" " ind1=" ">
      <subfield code="a">competences</subfield>
   </datafield>
   <datafield tag="653" ind2=" " ind1=" ">
      <subfield code="a">Aprenentatge actiu -- Ensenyament secundari</subfield>
   </datafield>
   <datafield tag="653" ind2=" " ind1=" ">
      <subfield code="a">Aprenentatge basat en problemes -- Educació secundària obligatòria</subfield>
   </datafield>
   <datafield ind2="0" ind1="0" tag="245">
      <subfield code="a">Ús de metodologies actives per a la creació d'activitats contextualitzades al món laboral i disseny d'una unitat formativa</subfield>
   </datafield>
</record></metadata></record></GetRecord></OAI-PMH>